| 000 | 00434nam a2200157Ia 4500 | ||
|---|---|---|---|
| 008 | 140316s9999 xx 000 0 und d | ||
| 020 | _a9781107682009 | ||
| 082 |
_a658.8 _bSIN/LO |
||
| 100 | _aSingh,Nitish | ||
| 245 | _aLocalization Strategies for Global E-Business | ||
| 260 |
_aNew York _bCambridge University Press _c2012 |
||
| 300 | _a308 | ||
| 650 | _aElectronic Commerce | ||
| 650 | _aInternational Trade | ||
| 942 |
_2ddc _cBK |
||
| 999 |
_c13030 _d13030 |
||